000 00650nam a2200229Ia 4500
008 160621s9999 xx 000 0 und d
020 _a978-0-470-58784-3
050 _aCUL TX 738.5
050 _b.C59 2015
100 _aClyne, Carol Murphy.
245 _aModern buffet presentation /
245 _cCarol Murphy Clyne and Vincent Clyne.
260 _aNew Jersey :
260 _bJohn Wiley and Sons Inc.,
260 _c2015
300 _a366 pages :
300 _bcolor illustrations ;
300 _c28 cm.
500 _aIncludes bibliographical references and index.
650 _aBuffets (Cooking).
650 _xFood presentation.
999 _c296063
_d296063